Разработка модели и системы управления процессом в печи карботермического синтеза ядерного топлива в проекте "прорыв"; VII Школа-конференция молодых атомщиков Сибири

Dettagli Bibliografici
Parent link:VII Школа-конференция молодых атомщиков Сибири.— 2016.— [С. 143]
Autore principale: Брыляков Н. С.
Ente Autore: Национальный исследовательский Томский политехнический университет
Altri autori: Ливенцов С. Н. Сергей Николаевич
Riassunto:Заглавие с титульного экрана
Lingua:russo
Pubblicazione: 2016
Serie:Автоматизация и информатизация технологий и объектов атомной отрасли
Soggetti:
Accesso online:http://earchive.tpu.ru/handle/11683/35635
Natura: Elettronico Capitolo di libro
KOHA link:https://koha.lib.tpu.ru/cgi-bin/koha/opac-detail.pl?biblionumber=621353

MARC

LEADER 00000naa2a2200000 4500
001 621353
005 20260225144627.0
035 |a (RuTPU)RU\TPU\conf\19920 
035 |a RU\TPU\conf\19918 
090 |a 621353 
100 |a 20161215d2016 k y0rusy50 ca 
101 0 |a rus 
102 |a RU 
105 |a y z 101zy 
135 |a drcn ---uucaa 
181 0 |a i  
182 0 |a b 
200 1 |a Разработка модели и системы управления процессом в печи карботермического синтеза ядерного топлива в проекте "прорыв"  |f Н. С. Брыляков, С. Н. Ливенцов 
203 |a Текст  |c электронный 
225 1 |a Автоматизация и информатизация технологий и объектов атомной отрасли 
300 |a Заглавие с титульного экрана 
320 |a [Библиогр.: с. 143 (3 назв.)] 
463 1 |0 (RuTPU)RU\TPU\conf\19839  |t VII Школа-конференция молодых атомщиков Сибири  |o сборник тезисов докладов, 19-21 октября 2016 г., г. Северск  |f Росатом [и др.]  |v [С. 143]  |d 2016 
610 1 |a труды учёных ТПУ 
610 1 |a электронные ресурсы 
610 1 |a быстрые нейтроны 
610 1 |a системы автоматического управления 
610 1 |a дифференциальные уравнения 
610 1 |a компьютерное моделирование 
610 1 |a синтез 
700 1 |a Брыляков  |b Н. С. 
701 1 |a Ливенцов  |b С. Н.  |c специалист в области автоматического управления  |c профессор Томского политехнического университета, доктор технических наук  |f 1955-  |g Сергей Николаевич  |3 (RuTPU)RU\TPU\pers\25467  |9 11406 
712 0 2 |a Национальный исследовательский Томский политехнический университет  |c (2009- )  |9 26305 
801 2 |a RU  |b 63413507  |c 20170110  |g RCR 
856 4 |u http://earchive.tpu.ru/handle/11683/35635 
942 |c BK